00616nam a2200157 a 4500008004100000020001500041050001500056100001500071245006000086260003900146300002100185350000900206995009600215999001700311952013000328120416s1999 ||||||||||||||||| || u a0340731621 aTS 225 Bed aBeddoes, J10aPrinciples of metal manufacturing processcBy J Beddoes aLondonbHodder and Stoughtonc1999 aix, 326p. : ill. a0.00 D0.00FCBU-MAIN LIBRARY (Kitwe)H1I19.95M1UAVAILABLEZMain Library Open Access Collection c54609d54609 00102lcc4070a001b001cMain Library Open Access Collectiond2022-11-30l0oTS 225 Bedp47814r2022-11-30w2022-11-30y002